000
00246nam a2200085Ia 4500
008
220204s9999 xx 000 0 und d
082
_a
06.055.5:633.5
_b
COI
245
0
_a
Coir Board. Report of the adhoc committee for coir yarn. 1955-1956
942
_c
BK
999
_c
22777
_d
22777